| 000 | 00635nam a22001457a 4500 | ||
|---|---|---|---|
| 999 |
_c38461 _d38461 |
||
| 082 | _aRK 0343 | ||
| 100 |
_aKumar, Sampath B.T. _uDepartment of studies and research in Library and Information science Tumkur University _vKarnataka |
||
| 245 |
_aICT literacy competencies among rural and urban students : _bthe digital divide / _c B.T. Sampath Kumar |
||
| 260 |
_a Tumakuru, Karnataka : _bIndian council of social science research, _c2015. |
||
| 300 | _a198p. | ||
| 500 | _aIncludes bibliography and appendices. | ||
| 546 | _aEnglish | ||
| 650 |
_aInformation and communication technology literacy _z Karnataka , India |
||
| 942 |
_2ddc _cRP |
||